000 00502nam a22001937a 4500
003 OSt
005 20251112110522.0
008 251112b |||||||| |||| 00| 0 eng d
022 _a0974-2085
037 _cPeriodicals
040 _aFEDL
_beng
_cFEDL
041 _aeng
_heng
245 _aMeri journal of education
260 _aNew Delhi
_bManagement Education and Research Institute
_c2020
300 _a236p.
490 _vV.15, No.1-2 (2020)
942 _2ddc
_cCR
_n0
999 _c1465289
_d1465289